000 00569cam a2200205ua 4500
001 11398
005 20260515114740.0
008 190917n ii |||gr||||Z||||||eng
020 _a9788130915685
040 _cMAIN
082 _a801.95
100 _a Peter Barry . ,
_eAuthor.
245 _aBeginning theory :
_ban introduction to literary and cultural theory /
_cBy Peter Barry .
250 _a3rd ed.
260 _aNew Delhi:
_bViva books,
_c2010.
300 _a338p.
653 _aPhilosophy & theory
653 _aLiterary and cultural theory
942 _cBK
999 _c10229
_d10229